Computer programming: ,made simple (Record no. 12335)
[ view plain ]
| 000 -LEADER | |
|---|---|
| fixed length control field | 00449nam a2200157 a 4500 |
| 020 ## - INTERNATIONAL STANDARD BOOK NUMBER | |
| ISBN | 0434986070 (paperback) |
| 020 ## - INTERNATIONAL STANDARD BOOK NUMBER | |
| ISBN | 9780434986071 (paperback) |
| 100 1# - MAIN ENTRY--AUTHOR NAME | |
| Personal name | Maynard, Jeff. |
| 245 10 - TITLE STATEMENT | |
| Title | Computer programming: ,made simple |
| 250 ## - EDITION STATEMENT | |
| Edition statement | 2nd ed. |
| 260 ## - PUBLICATION, DISTRIBUTION, ETC. (IMPRINT) | |
| Place of publication | [S.l.] : |
| Name of publisher | Made Simple, |
| Year of publication | 1986. |
| 300 ## - PHYSICAL DESCRIPTION | |
| Number of Pages | 385 p. ; |
| 490 1# - SERIES STATEMENT | |
| Series statement | Made simple books. |
| 856 40 - ELECTRONIC LOCATION AND ACCESS | |
| Uniform Resource Identifier | http://www.amazon.com/exec/obidos/ASIN/0434986070/chopaconline-20 |
| 942 ## - ADDED ENTRY ELEMENTS (KOHA) | |
| Koha item type | Books |
| Withdrawn status | Lost status | Home library | Current library | Date acquired | Cost, normal purchase price | Full call number | Accession Number | Koha item type |
|---|---|---|---|---|---|---|---|---|
| Lost and Paid For | Book Bank Section | Book Bank Section | 12/02/2015 | 160.00 | 001.642MAY | B3303 | Books | |
| Book Bank Section | Book Bank Section | 12/02/2015 | 160.00 | 001.642MAY | B3304 | Books | ||
| Book Bank Section | Book Bank Section | 12/02/2015 | 160.00 | 001.642MAY | B3305 | Books | ||
| Book Bank Section | Book Bank Section | 12/02/2015 | 160.00 | 001.642MAY | B3306 | Books | ||
| Book Bank Section | Book Bank Section | 12/02/2015 | 160.00 | 001.642MAY | B3307 | Books | ||
| Book Bank Section | Book Bank Section | 12/02/2015 | 160.00 | 001.642MAY | B3308 | Books | ||
| Book Bank Section | Book Bank Section | 12/02/2015 | 160.00 | 001.642MAY | B3309 | Books | ||
| Book Bank Section | Book Bank Section | 12/02/2015 | 160.00 | 001.642MAY | B3310 | Books | ||
| Book Bank Section | Book Bank Section | 12/02/2015 | 160.00 | 001.642MAY | B3311 | Books | ||
| Book Bank Section | Book Bank Section | 12/02/2015 | 160.00 | 001.642MAY | B3312 | Books | ||
| Book Bank Section | Book Bank Section | 12/02/2015 | 160.00 | 001.642MAY | B3313 | Books | ||
| Book Bank Section | Book Bank Section | 12/02/2015 | 160.00 | 001.642MAY | B3314 | Books | ||
| Book Bank Section | Book Bank Section | 12/02/2015 | 160.00 | 001.642MAY | B3315 | Books | ||
| Book Bank Section | Book Bank Section | 12/02/2015 | 160.00 | 001.642MAY | B3316 | Books | ||
| Book Bank Section | Book Bank Section | 12/02/2015 | 160.00 | 001.642MAY | B3317 | Books | ||
| Book Bank Section | Book Bank Section | 12/02/2015 | 160.00 | 001.642MAY | B3318 | Books | ||
| Book Bank Section | Book Bank Section | 12/02/2015 | 160.00 | 001.642MAY | B3319 | Books | ||
| Book Bank Section | Book Bank Section | 12/02/2015 | 160.00 | 001.642MAY | B3320 | Books | ||
| Book Bank Section | Book Bank Section | 12/02/2015 | 160.00 | 001.642MAY | B3321 | Books | ||
| Book Bank Section | Book Bank Section | 12/02/2015 | 160.00 | 001.642MAY | B3322 | Books | ||
| Central Library, QUEST, Nawabshah | Central Library, QUEST, Nawabshah | 30/03/2015 | 35.00 | 001.642MAY | 8311 | Books |